| 000 | 00818nam a22001937a 4500 | ||
|---|---|---|---|
| 999 |
_c7720 _d7720 |
||
| 003 | AR-CdUCM | ||
| 008 | 190321b ||||| |||| 00| 0 spa d | ||
| 040 |
_aMUNICIPALIDAD PROVINCIAL DEL CUSCO _cBIBLIOTECA MUNICIPAL DEL CUSCO |
||
| 082 |
_a869.44 / _bD75 |
||
| 100 |
_a Diez de Medina, Fernando _921808 |
||
| 245 |
_aLiteratura boliviana : _bintroducción al estudio de las letras nacionales del tiempo mítico a la producción contemporanea / |
||
| 260 |
_aLa Paz : _bAlfonso Tejerina-Librero editor, _c1953. |
||
| 300 |
_a376 páginas ; _c20 cm. |
||
| 505 | _aContenido : Para una literatura nacional -- Bolivia: tema generador -- Los surcos andinos -- La siembra hispana -- La germinación republicana ... | ||
| 650 |
_aLiteratura boliviana _94271 |
||
| 650 |
_aSiglo XX _98 |
||
| 942 |
_2ddc _cLIBROS |
||
| 945 | _azta | ||